Animales políticos: diálogos filiales

সংরক্ষণ করুন:
গ্রন্থ-পঞ্জীর বিবরন
প্রধান লেখক: Ominami Pascual, Carlos (autor), Enríquez-Ominami, Marco (Author)
বিন্যাস: গ্রন্থ
ভাষা:স্প্যানিশ
প্রকাশিত: Santiago Planeta 2004
সংস্করন:1a. ed
বিষয়গুলি:
ট্যাগগুলো: ট্যাগ যুক্ত করুন
কোনো ট্যাগ নেই, প্রথমজন হিসাবে ট্যাগ করুন!

MARC

LEADER 00000nam a2200000 a 4500
001 UCL8097
003 CL-VaPUC
008 040611e20040000CL |||||||||||||||||spa|d
020 |a 9562473333 
082 0 4 |a 320.01  |b OMI  |2 21 
100 |a Ominami Pascual, Carlos  |e autor  |9 314696 
700 0 |a Enríquez-Ominami, Marco  |e author  |9 486045 
245 1 0 |a Animales políticos: diálogos filiales 
250 |a 1a. ed 
300 |a 199 p 
942 |c BK 
945 |d 20040611 00:00:00  |a cmena 
260 |a Santiago  |b Planeta  |c 2004 
650 7 |a FILOSOFIA POLITICA  |2 CL-VaPUC  |9 486046 
650 0 |a Historia política  |9 256974 
650 0 |a Partidos políticos  |9 254999 
651 7 |a CHILE  |2 CL-VaPUC  |9 486047 
583 |a last modification  |c 20040611 00:00:00  |k Rodrigo Vera 
999 |c 309556  |d 309554 
952 |0 0  |1 0  |4 0  |6 320_010000000000000_OMI_2004  |7 0  |8 A  |9 377074  |a BIBEDU  |b BIBEDU  |d 2019-11-21  |i 402012K  |o 320.01 OMI 2004  |p 402012K  |r 2019-11-21  |w 2019-11-21  |y BK  |k BME